90's video games by description - Statistics

General Stats
  • This quiz has been taken 438 times
  • The average score is 10 of 15
Answer Stats
Hint Answer % Correct
Spiny blue animal runs really fast, collects rings, and fights an egg-shaped man. Sonic the Hedgehog
99%
Young boy sets out to catch all 151 monsters in the world and become the best trainer. Pokémon: Red and Blue
94%
Italian plumber challenges his friends and rivals in go-kart races. Super Mario Kart
90%
Martial artists compete in a tournament to save the world and kill each other in gruesome ways. Mortal Kombat
87%
James Bond tries to stop a rogue MI6 agent from using an old Soviet satellite weapon. GoldenEye 007
83%
Buxom archaeologist travels the world to acquire artifacts from temples and tombs. Tomb Raider
82%
Police specialists investigate a town overrun by zombies created by an evil corporation. Resident Evil
70%
Space marine travels to the moons of Mars and also to Hell to stop demons from invading Earth. Doom
66%
Groovy worm in a super suit shoots, whips, and bungee jumps his way to victory. Earthworm Jim
62%
Two players from each NBA team make impossible dunks and make the basketball catch fire. NBA Jam
57%
Boy travels back and forth in time using the Master Sword to stop a green-skinned man from conquering the kingdom, and doesn't listen to his fairy. The Legend of Zelda: Ocarina of Time
56%
Mercenary with a huge sword tries to stop another man with a huge sword from destroying the world with a meteor. Final Fantasy VII
46%
Orcs battle humans in this real-time strategy game. Warcraft: Orcs & Humans
43%
Two rapping aliens crash on Earth and try to rebuild their spaceship. ToeJam & Earl
22%
Stranger explores a mysterious island and finds two men trapped inside red and blue books. Myst
19%
No matching quizzes found
Score Distribution
Percent of People with Each Score
Percentile by Number Answered
Your Score History
You have not taken this quiz